Statistiques concernant Paroles - La montagne - Jean Ferrat

Cliquez ici pour prendre le quiz!

Statistiques générales

  • Ce quiz a été pris 505 fois
  • Le résultat moyen est 172 sur 232

Statistiques - réponses

Paroles% Correct
la
99%
montagne
99%
que
99%
Que
99%
belle
98%
est
98%
comme
96%
Pour
96%
à
95%
a
95%
A
95%
un
95%
Comment
94%
en
94%
En
94%
Il
93%
il
93%
Le
93%
le
93%
Pourtant
93%
vie,
93%
vie
93%
vol
93%
De
92%
de
92%
d'hirondelles,
91%
peut-on
91%
ils
90%
Ils
90%
d'arriver ?
89%
Et
89%
et
89%
l'automne
89%
vient
89%
voyant
89%
s'imaginer,
88%
Du
87%
du
87%
ou
86%
86%
son
86%
aller
85%
leur
85%
Leur
85%
ne
85%
sa
85%
Les
84%
les
84%
s'en
83%
sont
83%
au
81%
ce
81%
pays
81%
ses
80%
ça
79%
Loin
79%
nés
79%
quittent
79%
manger
78%
Manger
78%
Une
77%
une
77%
ville
77%
chèvre
76%
gagner
76%
pas
76%
plus
75%
aux
74%
terre
74%
ciné
73%
dans
72%
faire
72%
poulet
72%
Quand
72%
tomme
72%
des
71%
hormones
71%
l'on
71%
Mais
71%
vieux
70%
D'un
68%
machinal
68%
original
68%
lèvres
67%
rêvaient
67%
tous
67%
caille
66%
formica
66%
manche
66%
revers
66%
savoir
66%
secrets
66%
vivre
65%
Depuis
64%
H.L.M
64%
perdreau
64%
s'essuyaient
64%
longtemps
63%
n'était
63%
propos
63%
rien
63%
sans
63%
Tuer
63%
n'y
62%
quoi
62%
fonctionnaires
61%
savaient
61%
bal
60%
filles
60%
flics
60%
normal
60%
vouloir
60%
année
59%
non
59%
seront
59%
vin
59%
retraite
58%
sonne
58%
veulent
58%
C'était
57%
horrible
57%
l'autre
57%
sera
57%
vigne
57%
elles
56%
l'heure
56%
tête
56%
tiré
56%
piquette
55%
rentrer
55%
attendre
54%
faut
54%
bonne
53%
forêt
53%
vous
53%
avaient
52%
centenaires
52%
pied
52%
aime
51%
bien
51%
leurs
51%
colline
49%
S'il
49%
vignes
49%
faisait
47%
née
47%
courent
46%
Avec
45%
Noueuse
45%
puis
45%
tournait
45%
vacances
45%
l'âme
44%
moutons
44%
quelques
44%
sommet
43%
jours
42%
Jusqu'au
42%
monté
42%
sorties
42%
murettes
41%
années
40%
Deux
40%
mains
40%
têtes
40%
chèvres
39%
dessus
38%
Qu'importent
27%

Distribution des résultats

Percentile par nombre de réponses

% des personnes avec chaque résultat

Votre développement - résultats

Vous n’avez pas pris ce quiz